Normal view
MARC view
Entry Personal Name
001 - CONTROL NUMBER
- control field: 5635
003 - CONTROL NUMBER IDENTIFIER
- control field: BD-RjUL
005 - DATE AND TIME OF LATEST TRANSACTION
- control field: 20221101153750.0
008 - FIXED-LENGTH DATA ELEMENTS
- fixed length control field: 221101|| aca||aabn | a|a d
040 ## - CATALOGING SOURCE
- Original cataloging agency: BD-RjUL
- Transcribing agency: BD-RjUL
100 ## - HEADING--PERSONAL NAME
- Personal name: Rahman, J. A. M. Shoquilur
670 ## - SOURCE DATA FOUND
- Source citation: Work cat.: (BD-RjUL)80683: Rahman, J. A. M. Shoquilur, Prediction of adult stature of Japanese Boys and Girls /, 2003